| 000 | 01545nam0a2200349 4500 | ||
|---|---|---|---|
| 001 | RU\NLR\bibl\1833467 | ||
| 005 | 20250616165334.0 | ||
| 010 |
_a978-5-292-04038-5 _9120 |
||
| 021 |
_aRU _b2011-81812 _95834 |
||
| 035 | _a(NLR Aleph) 001823960 | ||
| 090 |
_a2044527 _c2044527 |
||
| 100 | _a20111114d2011 |||y0rusy50 ca | ||
| 101 | 0 | _arus | |
| 102 | _aRU | ||
| 105 | _aa ||||||||| | ||
| 200 | 1 |
_aВведение в инноватику _eучебное пособие для студентов технических специальностей _fД.А. Усанов, О.Н. Лутьянова, Д.С. Сучков _gСарат. гос. ун-т им. Н.Г. Чернышевского |
|
| 210 |
_aСаратов _cИзд-во Саратовского университета _d2011 |
||
| 215 |
_a96, [1] с. _cил., карт. _d21 |
||
| 320 | _aБиблиогр.: с. 96-97 | ||
| 606 | 1 |
_aИнновационная деятельность _jУчебные издания для высших учебных заведений _92104761 _3RU\NLR\auth\661272548 |
|
| 686 | _aУ5-55я73 | ||
| 686 | _aУ9(2)-55(2Р)я73 | ||
| 700 | 1 |
_aУсанов _bД. А. _gДмитрий Александрович _4070 |
|
| 701 | 1 |
_aЛутьянова _bО. Н. _gОльга Николаевна _4070 |
|
| 701 | 1 |
_aСучков _bД. С. _gДмитрий Сергеевич _4070 |
|
| 801 | 0 |
_aRU _bNLR _c20111114 _gRCR |
|
| 801 | 1 |
_aRU _bNLR _c20111114 |
|
| 830 | _aавт. по кн. | ||
| 942 | _cBOOK | ||
| 980 | _aNB | ||
| 980 | _aNBR | ||